00258nam a22000977a 450000500170000000800410001710000180005824500270007626000490010365000080015220251205152053.0251205b |||||||| |||| 00| 0 eng d aShivam Thusoo aSocial Media Marketing aNoida, U.P.bFrantic Infotech Pvt Ltd.c2021 aBBA